[Event "Bodensee-Cup"]
[Site "Friedrichshafen"]
[Date "2010.05.09"]
[Round "3.4"]
[White "Heidenfeld, Mark"]
[Black "Strohhaeker, Raoul"]
[Result "0-1"]
[WhiteElo "2371"]
[BlackElo "2447"]
[PlyCount "122"]
[EventDate "2010.05.07"]
[EventType "team-tourn"]
[EventRounds "3"]
[EventCountry "GER"]
[SourceTitle "EXT 2024"]
[Source "ChessBase"]
[SourceDate "2023.10.10"]
[SourceVersion "1"]
[SourceVersionDate "2023.10.10"]
[SourceQuality "1"]
[WhiteTeam "Wuerttemberg"]
[BlackTeam "Baden"]
[WhiteTeamCountry "GER"]
[BlackTeamCountry "GER"]

1. e4 c5 2. Nf3 e6 3. d4 cxd4 4. Nxd4 Nc6 5. Nc3 Qc7 6. g3 a6 7. Bg2 Nf6 8. 0-0 d6 9. b3 Be7 10. Bb2 0-0 11. h3 Nd7 12. Nce2 Rb8 13. c4 Nxd4 14. Nxd4 b6 15. Qe2 Bb7 16. Kh2 Rfe8 17. f4 Bf8 18. f5 e5 19. Nc2 b5 20. cxb5 axb5 21. Nb4 Nf6 22. Rac1 Qb6 23. Rc2 Rbc8 24. Rxc8 Rxc8 25. g4 Qa5 26. a3 Qa8 27. Re1 h6 28. h4 d5 29. Nxd5 Nxd5 30. exd5 Bxd5 31. Rc1 Rxc1 32. Bxc1 Qc6 33. Bxd5 Qxd5 34. b4 Bd6 35. Qd2 e4+ 36. Kg1 Qe5 37. Qf2 Qc3 38. Qe3 Qc4 39. Bd2 Be5 40. Kg2 Qd5 41. Be1 Bd4 42. Qe2 h5 43. g5 Qxf5 44. Qxh5 g6 45. Qe2 e3 46. Bg3 Qe4+ 47. Kh3 Qh1+ 48. Kg4 Qd5 49. Bf4 Qe4 50. Kg3 Kg7 51. Bd6 f5 52. gxf6+ Bxf6 53. Qg4 Qxg4+ 54. Kxg4 e2 55. Bg3 Bc3 56. h5 e1Q 57. Bxe1 Bxe1 58. hxg6 Kxg6 59. Kf3 Kf5 60. Ke2 Bc3 61. Kd3 Bb2 0-1

[Event "Bodensee-Cup"]
[Site "Friedrichshafen"]
[Date "2010.05.08"]
[Round "2.4"]
[White "Strohhaeker, Raoul"]
[Black "Pitl, Gregory"]
[Result "1/2-1/2"]
[WhiteElo "2447"]
[BlackElo "2411"]
[PlyCount "40"]
[EventDate "2010.05.07"]
[EventType "team-tourn"]
[EventRounds "3"]
[EventCountry "GER"]
[SourceTitle "EXT 2024"]
[Source "ChessBase"]
[SourceDate "2023.10.10"]
[SourceVersion "1"]
[SourceVersionDate "2023.10.10"]
[SourceQuality "1"]
[WhiteTeam "Baden"]
[BlackTeam "Bayern"]
[WhiteTeamCountry "GER"]
[BlackTeamCountry "GER"]

1. b3 e5 2. Bb2 Nc6 3. e3 d5 4. Bb5 e4 5. d3 Qg5 6. Ne2 Bd7 7. Nf4 0-0-0 8. Qh5 Qxh5 9. Nxh5 exd3 10. cxd3 f6 11. Nd2 Bg4 12. Nf4 Nb4 13. f3 Bf5 14. Ke2 Bd6 15. a3 Nc2 16. Rac1 Nxa3 17. Ba4 Ne7 18. g4 Bd7 19. Bxd7+ Kxd7 20. Nh5 Rhg8 1/2-1/2

[Event "BL2-Sued 0910"]
[Site "Germany"]
[Date "2010.04.11"]
[Round "9.2"]
[White "Strohhaeker, Raoul"]
[Black "Bratanov, Zsivko"]
[Result "0-1"]
[WhiteElo "2443"]
[BlackElo "2457"]
[PlyCount "106"]
[EventDate "2009.10.18"]
[EventType "team-tourn"]
[EventRounds "9"]
[EventCountry "GER"]
[SourceTitle "EXT 2011"]
[Source "ChessBase"]
[SourceDate "2010.11.26"]
[SourceVersion "1"]
[SourceVersionDate "2010.11.26"]
[SourceQuality "1"]
[WhiteTeam "Baden-Baden II"]
[BlackTeam "Schwegenheim"]
[WhiteTeamCountry "GER"]
[BlackTeamCountry "GER"]

1. e4 e5 2. Nf3 Nc6 3. Bc4 Nf6 4. Ng5 d5 5. exd5 Na5 6. Bb5+ Bd7 7. Qe2 Be7 8. 0-0 0-0 9. Bxd7 Qxd7 10. Qxe5 Nxd5 11. Nc3 c6 12. d3 Rfe8 13. Nge4 f5 14. Nxd5 cxd5 15. Ng3 g6 16. c3 Nc6 17. Qf4 d4 18. c4 b5 19. b3 Bb4 20. Bb2 Bc3 21. cxb5 Ne7 22. Bxc3 dxc3 23. Rac1 Nd5 24. Qf3 Rac8 25. a4 Qe6 26. d4 c2 27. h4 f4 28. Ne2 Qe4 29. Rce1 Qxf3 30. gxf3 Rxe2 31. Rxe2 c1Q 32. Rxc1 Rxc1+ 33. Kg2 Rc7 34. Re5 Rd7 35. Kf1 h5 36. Ke2 Ne7 37. Re4 Nf5 38. Kd3 Nxh4 39. Kc4 Nf5 40. Kc5 h4 41. a5 h3 42. b6 axb6+ 43. axb6 g5 44. Kc6 Rf7 45. d5 h2 46. Re1 Nd4+ 47. Kc5 Nxf3 48. Rd1 g4 49. d6 Ne5 50. Kd5 Nd7 51. Ke4 Nc5+ 52. Kd5 Nb7 53. Ke4 Nxd6+ 0-1

[Event "BL2-Sued 0910"]
[Site "Germany"]
[Date "2010.03.21"]
[Round "8.2"]
[White "Berezovsky, Igor"]
[Black "Strohhaeker, Raoul"]
[Result "1/2-1/2"]
[WhiteElo "2441"]
[BlackElo "2443"]
[PlyCount "57"]
[EventDate "2009.10.18"]
[EventType "team-tourn"]
[EventRounds "9"]
[EventCountry "GER"]
[SourceTitle "EXT 2011"]
[Source "ChessBase"]
[SourceDate "2010.11.26"]
[SourceVersion "1"]
[SourceVersionDate "2010.11.26"]
[SourceQuality "1"]
[WhiteTeam "Stuttgart"]
[BlackTeam "Baden-Baden II"]
[WhiteTeamCountry "GER"]
[BlackTeamCountry "GER"]

1. d4 d5 2. c4 c6 3. Nc3 Nf6 4. e3 g6 5. h3 Bg7 6. Nf3 0-0 7. Be2 Nbd7 8. 0-0 Re8 9. cxd5 cxd5 10. Qb3 e6 11. a4 Nb8 12. Ne5 Nc6 13. f4 Nd7 14. Nf3 b6 15. Bd2 Na5 16. Qa2 Bb7 17. Be1 Nf6 18. Bh4 Rc8 19. Bb5 Rf8 20. Ne5 a6 21. Be2 Qd6 22. Qa3 Qxa3 23. Rxa3 Rfe8 24. b4 Nc4 25. Bxc4 dxc4 26. Bxf6 Bxf6 27. Ra2 Be7 28. Rb2 f6 29. Nf3 1/2-1/2

[Event "Boeblingen op 26th"]
[Site "Boeblingen"]
[Date "2009.12.28"]
[Round "4"]
[White "Strohhaeker, Raoul"]
[Black "Trefzer, Erhard"]
[Result "1-0"]
[WhiteElo "2443"]
[BlackElo "2091"]
[PlyCount "49"]
[EventDate "2009.12.26"]
[EventType "swiss"]
[EventRounds "9"]
[EventCountry "GER"]
[SourceTitle "CBM 134 Extra"]
[Source "ChessBase"]
[SourceDate "2010.03.03"]
[SourceVersion "1"]
[SourceVersionDate "2010.03.03"]
[SourceQuality "1"]

1. e4 c5 2. Nf3 e6 3. d4 cxd4 4. Nxd4 Nf6 5. Nc3 Nc6 6. Ndb5 d6 7. Bf4 e5 8. Bg5 a6 9. Na3 b5 10. Nd5 Be7 11. Bxf6 Bxf6 12. c4 Rb8 13. cxb5 Nd4 14. bxa6 0-0 15. b4 Rxb4 16. Nxb4 Qa5 17. Rb1 Qxa3 18. Bd3 Be6 19. 0-0 Bg5 20. Nc2 Qc3 21. Nxd4 Qxd4 22. a3 g6 23. Rb4 Qc3 24. Qc2 Qxa3 25. Ra4 1-0